[Event "NOR-ch U10"]
[Site "Stavanger"]
[Date "2017.07.08"]
[Round "9"]
[White "Ardal, Magnus"]
[Black "Lye, Sverre"]
[Result "1/2-1/2"]
[WhiteElo "1036"]
[BlackElo "650"]
[PlyCount "117"]
[EventDate "2017.07.01"]
[EventType "swiss"]
[EventRounds "9"]
[EventCountry "NOR"]
[SourceTitle "EXT 2024"]
[Source "ChessBase"]
[SourceDate "2023.10.10"]
[SourceVersion "1"]
[SourceVersionDate "2023.10.10"]
[SourceQuality "1"]

1. e4 c5 2. Nf3 Nc6 3. d4 cxd4 4. Nxd4 Nf6 5. Nc3 d6 6. Be3 e5 7. Nf3 Be7 8. Bc4 0-0 9. a3 Bg4 10. Be2 Rc8 11. 0-0 a6 12. Bg5 Bxf3 13. Bxf6 Bxe2 14. Bxe7 Bxd1 15. Bxd8 Bxc2 16. Bb6 Ne7 17. Rac1 Bb3 18. f3 Rc6 19. Bf2 Rfc8 20. Be3 f5 21. Nb1 Rxc1 22. Rxc1 Rxc1+ 23. Bxc1 fxe4 24. fxe4 Bc2 25. Nc3 Kf7 26. Kf2 Ng8 27. Be3 Nf6 28. Kf3 h6 29. h4 h5 30. a4 Nd7 31. a5 Nb8 32. Nd5 Ke6 33. Nb6 Nc6 34. Bd2 Nd4+ 35. Ke3 Bb1 36. Bc3 Nb3 37. Na4 Bc2 38. g3 Nxa5 39. Bxa5 Bxa4 40. b4 g6 41. Bb6 d5 42. Bc5 dxe4 43. Kxe4 Bc6+ 44. Ke3 Kf5 45. Ke2 Ke4 46. Bd6 Bb5+ 47. Ke1 Kd4 48. Kd2 e4 49. Bc5+ Kc4 50. Bd6 a5 51. bxa5 Kd4 52. Bf4 Bd3 53. Be3+ Ke5 54. Bf4+ Kf5 55. Ke3 Kg4 56. Kf2 Bc2 57. Ke3 Kh3 58. Kf2 Bd3 59. Be5 1/2-1/2

[Event "Oslo op"]
[Site "Fornebu"]
[Date "2016.09.30"]
[Round "8"]
[White "Amarapala, Sheroni"]
[Black "Ardal, Magnus"]
[Result "1-0"]
[WhiteElo "1434"]
[BlackElo "1229"]
[PlyCount "65"]
[EventDate "2016.09.30"]
[EventType "swiss"]
[EventRounds "9"]
[EventCountry "NOR"]
[SourceTitle "EXT 2018"]
[Source "ChessBase"]
[SourceDate "2017.10.13"]
[SourceVersion "1"]
[SourceVersionDate "2017.10.13"]
[SourceQuality "1"]

1. e4 c5 2. Nf3 d6 3. d4 cxd4 4. Nxd4 Nf6 5. Nc3 e5 6. Nf3 Nc6 7. Bb5 Bg4 8. h3 Bh5 9. Bg5 Be7 10. 0-0 a6 11. Be2 h6 12. Bh4 Bg6 13. Bd3 0-0 14. Re1 Rc8 15. a3 Qc7 16. Nd5 Nxd5 17. exd5 Bxd3 18. Qxd3 Bxh4 19. dxc6 Bf6 20. cxb7 Qxb7 21. Qxd6 Rxc2 22. Nxe5 Rxb2 23. Nd7 Rc8 24. Nxf6+ gxf6 25. Qxf6 Rb6 26. Re7 Rb1+ 27. Rxb1 Qxb1+ 28. Kh2 Qb8+ 29. g3 Qb3 30. Qxh6 Qxa3 31. Re4 f5 32. Qg6+ Kh8 33. Rh4# 1-0